书目信息 |
| 题名: |
20世纪十大谍报战
|
|
| 作者: | 王美华 编著 | |
| 分册: | 1 | |
| 出版信息: | 呼和浩特 内蒙古人民出版社 2004 |
|
| 页数: | 135页 | |
| 开本: | 20cm | |
| 丛书名: | 世纪百战 | |
| 单 册: | ||
| 中图分类: | D526 | |
| 科图分类: | ||
| 主题词: | 国际政治 | |
| 电子资源: | ||
| ISBN: | 7-204-06418-6 | |
| 000 | 00638nam0 2200229 450 | |
| 001 | 0762659930 | |
| 005 | 20070730093246.06 | |
| 010 | @a7-204-06418-6@dCNY14.94 | |
| 100 | @a20070728d2004 km y0chiy0120 ea | |
| 101 | 0 | @achi |
| 102 | @aCN@b150000 | |
| 200 | 1 | @a20世纪十大谍报战@A20 shi ji shi da die bao zhan@h1@f王美华编著@Fwang mei hua bian zhu |
| 205 | @a2版 | |
| 210 | @a呼和浩特@c内蒙古人民出版社@d2004 | |
| 215 | @a135页@d20cm | |
| 225 | 2 | @a世纪百战 |
| 410 | 0 | @12001 @a世纪百战 |
| 606 | 0 | @a国际政治 |
| 690 | @aD526@v3 | |
| 701 | 0 | @a王美华@Awang mei hua@4编著 |
| 801 | 0 | @aCN@bPFT@c20070730 |
| 905 | @a10447@dD526@e170:1=2 | |
| 20世纪十大谍报战.1/王美华编著.-2版.-呼和浩特:内蒙古人民出版社,2004 |
| 135页;20cm.-(世纪百战) |
| ISBN 7-204-06418-6:CNY14.94 |
| ● |
| 相关链接 |
|
|
|
|
正题名:20世纪十大谍报战
索取号:D526/170:1=2
 
预约/预借
| 序号 | 登录号 | 条形码 | 馆藏地/架位号 | 状态 | 备注 |
| 1 | 0789364 | 207893644 | 第一样本阅览室/ [索取号:D526/170:1=2] | 在馆 | |
| 2 | 0789365 | 207893653 | 第一借阅区/ [索取号:D526/170:1=2] | 在馆 | |
| 3 | 0789366 | 207893662 | 第一借阅区/ [索取号:D526/170:1=2] | 在馆 | |
| 4 | 0789367 | 207893671 | 第一借阅区/ [索取号:D526/170:1=2] | 在馆 | |
| 5 | 0789368 | 207893680 | 第一借阅区/ [索取号:D526/170:1=2] | 在馆 |